U.S. State Capitals Closest to Canada - Statistics

General Stats
  • This quiz has been taken 33,989 times
  • The average score is 7 of 10
Answer Stats
miles capital % Correct
163 Albany
85%
93 Olympia
82%
82 Augusta
77%
167 Helena
76%
81 Lansing
74%
152 Bismarck
73%
52 Montpelier
73%
125 Concord
64%
34 Juneau
63%
137 Columbus
52%
No matching quizzes found
Score Distribution
Percent of People with Each Score
Percentile by Number Answered
Your Score History
You have not taken this quiz